La educación de los padres
保存先:
| 第一著者: | |
|---|---|
| フォーマット: | 図書 |
| 言語: | スペイン語 |
| 出版事項: |
Barcelona
Luis Miracle
1967
|
| 版: | 3a. ed |
| シリーズ: | Paideia Biblioteca Práctica de Pedagogía, Psicología y Psicopatología de la Infancia, 26
|
| 主題: | |
| タグ: |
タグ追加
タグなし, このレコードへの初めてのタグを付けませんか!
|
MARC
| LEADER | 00000nam a2200000 a 4500 | ||
|---|---|---|---|
| 001 | UCZ0441 | ||
| 003 | CL-VaPUC | ||
| 008 | 950728e19670000SP |||||||||||||||||spa|d | ||
| 082 | 0 | 4 | |a 306.43 |b ISA |2 21 |
| 100 | |a Isambert, André |e author |9 343287 | ||
| 245 | 1 | 3 | |a La educación de los padres |
| 250 | |a 3a. ed | ||
| 300 | |a 239 p | ||
| 942 | |c BK | ||
| 945 | |d 19950728 00:00:00 |a mfernand | ||
| 260 | |a Barcelona |b Luis Miracle |c 1967 | ||
| 650 | 0 | |a Sociología de la educación |9 260380 | |
| 650 | 7 | |a EDUCACION DE LOS PADRES |2 CL-VaPUC |9 338423 | |
| 650 | 7 | |a RELACIONES PADRES ESCUELA |2 CL-VaPUC |9 337206 | |
| 650 | 0 | |a Educación de adultos |9 307580 | |
| 583 | |a last modification |c 19950728 00:00:00 |k Rodrigo Vera | ||
| 490 | 0 | |a Paideia Biblioteca Práctica de Pedagogía, Psicología y Psicopatología de la Infancia, 26 | |
| 999 | |c 237370 |d 237368 | ||
| 952 | |0 0 |1 0 |4 0 |6 306_430000000000000_ISA_1967 |7 0 |8 P |9 246371 |a BIBEDU |b BIBEDU |c BIBEDU_PB |d 2019-11-18 |i 1546341 |o 306.43 ISA 1967 |p 1546341 |r 2024-01-25 |w 2019-11-18 |y BK |k EDU | ||
| 952 | |0 0 |1 0 |4 0 |6 306_430000000000000_ISA_1967 |7 0 |8 P |9 246372 |a BIBEDU |b BIBEDU |c BIBEDU_PB |d 2019-11-18 |i 1546775 |o 306.43 ISA 1967 |p 1546775 |r 2024-01-25 |w 2019-11-18 |y BK |k EDU | ||